00905nam a2200241 a 450000100100000000500170001000800410002702000150006804000130008308200150009610000430011124000350015424501090018926000280029830000270032650000790035365000290043265000280046170000350048904900090052495201130053399900170064600001079720200929162308.0091012s2002 sp a 001 0 spa d a8466203869 aDO-SdBNP aR597bV5141 aVerhoef-Verhallen, Esther J. J.926084 3aEncyclopaedia of tropical fish13aLa enciclopedia de los peces tropicales /cEsther J. J. Verhoef-Verhallen; traducción Blanca de Cerro. aMadrid :bLibsa,c2002. a255 p. :bil ;c25 cm. aIncluye datos biográficos de la autora en la solapa de la contracubierta 4aPeces de acuarios926085 4aPeces tropicales9260861 aCerro, Blanca deetrad.926087 aBNPD 001050718MOaPDbPDcCTd2009-10-12iLF1l0oR597 V514p10797-10r2020-06-25w2020-06-25y1ZNo se presta c10546d10546